000 01094nam a2200325Ia 4500
001 Z_1972
003 CHAP
008 220113s1996 xx 000 0 und d
010 _a165045
040 _cCHAP
090 _aTesis L 1169
100 _aLuna Lechuga, Julio César
_969073
245 _aUtilización de heno de alfalfa en dietas para cerdos en crecimiento para reducir grasa dorsal /
_cpor Julio Cesar Luna Lechuga y Gonzalo Noé Méndez Alarcón
260 _aChapingo, Méx. :
_bEl autor,
_c1996
300 _a53 h. : gráfs.
440 _a
502 _aTesis (Ing. Agr. Esp. en Zootecnia) -- UACH. Departamento de Zootecnia
503 _a
650 _aAlfalfa como forraje
_93899
650 _aCarne de puerco en canal I. UACH. Departamento de Zootecnia II. t. III. Méndez Alarcón, Gonzalo Noé
_9139060
650 _aGanado porcino
_xAlimentación
_945329
650 _aGanado porcino
_xCrecimiento
_945349
650 _aHeno como forraje
_953622
901 _aTesis L 1169
902 _aA
910 _a1996
942 _c2
942 _c2
999 _c165045
_d165045